000 00438nam a2200181Ia 4500
005 20250508152219.0
008 008 250505s9999 xx 000 0 eng d
037 _aTextual
040 _aFEDL
_beng
_cFEDL
041 _aeng
_2eng
084 _a372.3, HER
_qFEDL
100 _aHerman
245 0 _aScience in our world
260 _c1955
300 _a346p.
942 _cTEXL
_h372.3, HER
999 _c1335008
_d1335008